Automatické řízení počítačem /

Gespeichert in:
Bibliographische Detailangaben
Hauptverfasser: Vavřín, Petr (Verfasst von), Zelina, František (Verfasst von)
Format: Buch
Sprache:Tschechisch
Veröffentlicht: Praha : SNTL, 1982
Ausgabe:2.vyd.
Tags: Tag hinzufügen
Keine Tags, Fügen Sie das erste Tag hinzu!

MARC

LEADER 00000nam a22000003a 4500
001 stu614
005 20150617225617.8
008 910612s1982----cs------------------cze-d
040 |a STU  |b slo 
041 0 |a cze 
044 |a cs 
080 |a 681.332 
080 |a 681.5 
100 1 |a Vavřín, Petr  |4 aut 
245 1 |a Automatické řízení počítačem /  |c [aut.] Vavřín,Petr; Zelina,František 
250 |a 2.vyd. 
260 |a Praha :  |b SNTL,  |c 1982 
300 |a 223 s 
700 1 |a Zelina, František  |4 aut 
996 |b 284EK07121  |c E*67387  |l EE01  |s A  |a 24  |w stu614_0001 
996 |b E58129  |c E*58129  |l EE04  |s P  |a 0  |w stu614_0004